000 00513nam a22001937a 4500
003 NUST - PNEC
005 20170116180808.0
008 150424b xxu||||| |||| 00| 0 eng d
020 _a9789350711057
040 _cLIBRARY
082 _a363 RAJ
100 _93188
_aRajendran, Venkatraman
245 _aIt security
_cMr. Venkatraman Rajendran
250 _a-
260 _aMumbai
_bInstitute of Banking and Finance
_cc2012.
300 _a307 p. :
650 _93190
_aSecurity
_xGeneral, AS
942 _2ddc
_cBK
999 _c63292
_d63292